House building: January to March quarter 2004 (Record no. 117366)
[ view plain ]
| 000 -LEADER | |
|---|---|
| fixed length control field | 01121cam a2200229 4500 |
| 001 - CONTROL NUMBER | |
| control field | WB4019-01 |
| 008 - FIXED-LENGTH DATA ELEMENTS--GENERAL INFORMATION | |
| fixed length control field | 040518n2004 000 0 eng u |
| 035 ## - SYSTEM CONTROL NUMBER | |
| System control number | (Sirsi) u126223 |
| 245 ## - TITLE STATEMENT | |
| Title | House building: January to March quarter 2004 |
| 260 ## - PUBLICATION, DISTRIBUTION, ETC. | |
| Date of publication, distribution, etc. | 2004 |
| 490 ## - SERIES STATEMENT | |
| Series statement | ODPM Statistical Release |
| Volume/sequential designation | (2004/0122) 13 May 2004 (3) |
| 520 ## - SUMMARY, ETC. | |
| Summary, etc. | Gives information on new house building starts and completions in England and Wales for the three months to March 2004. There were 42 100 housing starts which was up 4% on the same period last year and 31 900 completions. In the UK during 2002/03 there were 195 000 starts and 184 000 completions. Completions were up on the previous year particularly in England and Northern Ireland. With charts of housing statistics by region. For the statistical release: http://www.odpm.gov.uk/pns/DisplayPN.cgi?pn_id=200 4_0122 |
| 590 ## - LOCAL NOTE (RLIN) | |
| Local note | WB |
| 590 ## - LOCAL NOTE (RLIN) | |
| Local note | WB |
| 650 ## - SUBJECT ADDED ENTRY--TOPICAL TERM | |
| Topical term or geographic name entry element | HOUSING STARTS |
| 650 ## - SUBJECT ADDED ENTRY--TOPICAL TERM | |
| Topical term or geographic name entry element | HOUSING COMPLETIONS |
| 650 ## - SUBJECT ADDED ENTRY--TOPICAL TERM | |
| Topical term or geographic name entry element | SOUTHEAST ENGLAND |
| 650 ## - SUBJECT ADDED ENTRY--TOPICAL TERM | |
| Topical term or geographic name entry element | NORTHERN IRELAND |
| 650 ## - SUBJECT ADDED ENTRY--TOPICAL TERM | |
| Topical term or geographic name entry element | HOUSE BUILDING |
| 690 ## - LOCAL SUBJECT ADDED ENTRY--TOPICAL TERM (OCLC, RLIN) | |
| Topical term or geographic name as entry element | BUILDING AND CONSTRUCTION-MARKET |
| 942 ## - ADDED ENTRY ELEMENTS (KOHA) | |
| Suppress in OPAC | 0 |
| Withdrawn status | Lost status | Source of classification or shelving scheme | Damaged status | Not for loan | Home library | Current library | Shelving location | Date acquired | Total Checkouts | Full call number | Barcode | Date last seen | Copy number | Price effective from | Koha item type |
|---|---|---|---|---|---|---|---|---|---|---|---|---|---|---|---|
| Dewey Decimal Classification | London | London | RICS Boxes | 21/05/2004 | WB4019-01 | 126223-1001 | 06/08/2019 | 1 | 06/08/2019 | Book |